Responses for Show #9212 - Tuesday, November 26, 2024

Contestants

[<< previous game]

Samantha Altschuler, an academic dean from Brooklyn, New York

Ryan Smith, a writer originally from South Pasadena, California

Kevin Laskowski, an Episcopal priest from Falls Church, Virginia (whose 1-day cash winnings total $15,200)

Jeopardy! Round responses

QUEEN VICTORIA
IN THE NAVY
IT'S A FAKE!
PIGEON FACTS & LORE
MOVIE AMUSEMENTS
NOT IF I "CU" FIRST
(Ken: All responses will begin with the letters "C-U".)
    $200 26
(Ryan: What's Buckingham Palace?)

Westminster Abbey

KevinRyan
    $200 21
an admiral

Kevin
    $200 16
dentures (false teeth)

Samantha!
    $200 11
(Kevin: What is the Peloponnesian War?)
...
(Ken: Yeah, a little lighter event than the Peloponnesian War.)
[Laughter]

the Olympics

KevinSamantha!
    $200 1
Jurassic Park

Kevin
    $200 3
cumin

Samantha!
    $400 27
Albert

Samantha!
    $400 22
John F. Kennedy

Kevin
    $400 17
(Ken: Well done, you know your Bible.)
[Laughter]
(Kevin: Hope so.)

sheep's clothing

Kevin
    $400 12
Darwin

Samantha!
    $400 2
Despicable Me

Ryan
    $400 6
a cummerbund

Ryan
    $1,500 28
(Samantha!: What is... Ah...)
(Ken: Samantha?)
(Samantha!: Nah, I'm blanking.)

the Crimean War

Samantha!
    $600 23
NCIS

Ryan
    $600 18
ribs

Ryan
    $600 13
telegraph

Kevin
    $600 4
(Ryan: What's Up?)

Inside Out

RyanSamantha!
    $600 7
a cupboard

Ryan
    $800 29
hemophilia

Kevin
    $800 24
the christening

Kevin
    $800 19
a false flag

Kevin
    $800 14
Tesla

Kevin
    $800 5
Ant Man & The Wasp

Ryan
    $800 8
CuraƧao

Samantha!
    $1000 30
(Ken: That's the first clue you three have missed, apart from the Daily Double, in the whole round; you're playing well.)

(the House of) Hanover

Triple Stumper
    $1000 25
"Anchors Aweigh"

Samantha!
    $1000 20
Dmitry

Ryan
    $1000 15
the Croix de Guerre

Ryan
    $1000 10
Tron

Ryan
    $1000 9
a cuspid

Ryan

Scores at the first commercial break (after clue 15):

Kevin Ryan Samantha!
$1,400 $4,600 $2,200

Scores at the end of the Jeopardy! Round:

Kevin Ryan Samantha!
$5,000 $6,600 $2,300

Double Jeopardy! Round responses

U.S. CITIES
POETRY
IT'S PHYSICS!
THEY WON EMMYS FOR...
THAT'S A FACT
IN TOLERABLE
(Ken: Each response made up of letters in the word "tolerable".)
    $400 7
Houston

Ryan
    $400 24
poppies

Ryan
    $400 6
drag

Kevin
    $400 1
Edie Falco

Ryan
    $400 19
an excavator

Ryan
    $400 9
earlobe

Triple Stumper
    $800 15
(Ryan: Uh... what's the Northern Territory?)
(Kevin: What is Vermont?)

New Jersey

KevinRyanSamantha!
    $2,500 25
(Ryan: Oh... what's "The Road Less Traveled By"?)

"The Road Not Taken"

Ryan
    $800 2
a wedge

Ryan
    $800 11
Allison Janney

Samantha!
    $800 20
the USS Arizona

Kevin
    $800 8
a rebate

Samantha!
    $1200 16
Acadia

Ryan
    $1200 26
John Brown

Ryan
    $1200 3
(Samantha!: What is centrifugal--cen-tri-fu-gal?)

centripetal

RyanSamantha!
    $1200 12
John Lithgow

Samantha!
    $1200 21
Io

Kevin
    $1200 10
treble

Triple Stumper
    $2,200 28
(Ryan: What's Des Plaines?)

Council Bluffs, Iowa

Ryan
    $1600 27
Lord Byron

Triple Stumper
    $1600 4
strange & charm

Kevin
    $1600 13
Tony Shalhoub

Samantha!
    $1600 22
(Kevin: What is Spanish?)
(Ken: Sorry?)
(Kevin: What is Spanish?)
...
(Ken: What is [*], invented in that year.)

Esperanto

Kevin
Triple Stumper
    $1600 17
oblate

Kevin
    $2000 30
Bloomington

Kevin
    $2000 29
"The New Colossus"

Kevin
    $2000 5
(Ryan: Uh... what's a hadron?)

a superfluid

Ryan
Triple Stumper
    $2000 14
Sterling K. Brown

Samantha!
    $2000 23
Blenheim Palace

Triple Stumper
    $2000 18
berate

Samantha!

Scores at the end of the Double Jeopardy! Round:

Kevin Ryan Samantha!
$12,200 $5,100 $10,300

[wagering suggestions for these scores]

Final Jeopardy! Round responses

SUPREME COURT JUSTICES
(Ken: [To Samantha: No, Alito, Scalia not from 1916, although, you know, getting there.)
...
(Ken: [To Kevin] The first Jewish Supreme Court justice.)
RyanWho's Thurgood Alito
$5,100
Samantha!Who is Scalia?
$0
KevinWho is Brandeis?
$12,000
Louis Brandeis

Final scores:

Kevin Ryan Samantha!
$24,200 $0 $10,300
2-day champion: $39,400 3rd place: $2,000 2nd place: $3,000

Game dynamics:

Coryat scores:

Kevin Ryan Samantha!
$12,200 $9,800 $11,800
17 R,
3 W
18 R,
6 W
(including 2 DDs)
15 R,
2 W
(including 1 DD)

Combined Coryat: $33,800

[game clues] [game scores] [suggest correction]

Game tape date: 2024-10-01
The J! Archive is created by fans, for fans. Scraping, republication, monetization, and malicious use prohibited; this site may use cookies and collect identifying information. See terms. The Jeopardy! game show and all elements thereof, including but not limited to copyright and trademark thereto, are the property of Jeopardy Productions, Inc. and are protected under law. This website is not affiliated with, sponsored by, or operated by Jeopardy Productions, Inc. Join the discussion at JBoard.tv.